Statistics for Guess The Artist 1960's #2

Click here to take the quiz!

General Stats

  • This quiz has been taken 53 times
  • The average score is 13 of 30

Answer Stats

HintAnswer% Correct
Like A Rolling StoneBob Dylan
95%
Suspicious MindsElvis Presley
95%
I'm A BelieverThe Monkees
95%
The Sound of SilenceSimon & Garfunkel
90%
The TwistChubby Checker
88%
Light My FireThe Doors
88%
Unchained MelodyThe Righteous Brothers
83%
Brown Eyed GirlVan Morrison
83%
Wichita LinemanGlen Campbell
70%
Seasons in the SunTerry Jacks
50%
HushDeep Purple
48%
Hello WallsWillie Nelson
45%
Incense and PeppermintsStrawberry Alarm Clock
35%
Itchycoo ParkThe Small Faces
35%
Hold On I'm ComingSam & Dave
33%
Pictures of Matchstick MenStatus Quo
33%
Never My LoveThe Association
33%
The Rain the Park and Other ThingsThe Cowsills
33%
Hooked On A FeelingB. J. Thomas
30%
Secret Agent ManJohnny Rivers
25%
Please Mr. PostmanThe Marvelettes
25%
Dear Mr. FantasyTraffic
25%
Ramblin' Gamblin' ManBob Seger
23%
On The Road AgainCanned Heat
23%
Sweet Cherry WineTommy James
20%
Do You Love MeThe Contours
18%
Gimme Little SignBrenton Wood
10%
Clifton in the RainAl Stewart
5%
Remember ThenThe Earls
5%
It Happened TodayThe Skyliners
5%

Score Distribution

Percentile by Number Answered

Percent of People with Each Score

Your Score History

You have not taken this quiz